| 000 | 00860nam a2200241 a 4500 | ||
|---|---|---|---|
| 999 |
_c349 _d349 |
||
| 001 | 349 | ||
| 003 | BD-JhCC | ||
| 005 | 20171016191022.0 | ||
| 008 | 171004s2009 bg ||||| |||| 00| 0 ben d | ||
| 035 | _a(BD-JhCC)349 | ||
| 040 |
_aBD-JhCC _dBD-JhCC |
||
| 041 | _aben | ||
| 082 |
_223 _a822.33 _bSHA 2009 |
||
| 100 | _aশেকসপীয়র , উইলিয়াম | ||
| 245 |
_aজুলিয়াস সীজার / _cউইলিয়াম শেকসপীয়র : ড. মফিজ চৌধুরী , |
||
| 260 |
_aঢাকা , _bমাওলা ব্রাদার্স , _c২০০৯ |
||
| 300 |
_a77p. ; _c22cm. |
||
| 650 |
_xEnglish Drama _aCaesar, Julius |
||
| 700 | _a শেকসপীয়র , উইলিয়াম | ||
| 700 | _aচৌধুরী , ড. মফিজ | ||
| 942 |
_2ddc _cBK |
||